Countries Most Similar To Pakistan - Statistics

General Stats
  • This quiz has been taken 345 times
  • The average score is 11 of 20
Answer Stats
Rank Country Score % Correct
1 India 68.3
98%
2 Afghanistan 67.9
90%
6 Iran 63.5
90%
4 Bangladesh 65
88%
3 Iraq 66.4
84%
12 Nepal 60.8
65%
8 Syria 61.7
60%
15 Tajikistan 60.2
53%
5 Yemen 63.8
52%
7 Egypt 62.5
50%
16 Oman 59.5
44%
10 Morocco 61.1
43%
14 Algeria 60.3
40%
20 Libya 58.1
38%
13 Jordan 60.5
33%
11 Sudan 60.9
31%
19 Tunisia 58.5
31%
9 Palestine 61.4
29%
18 Somalia 59.1
27%
17 Mauritania 59.2
16%
No matching quizzes found
Score Distribution
Percent of People with Each Score
Percentile by Number Answered
Your Score History
You have not taken this quiz